000 00420nam a2200145Ia 4500
008 220217s9999||||xx |||||||||||||| ||und||
020 _a81-7808-351-5
082 _a621.381 5 COU
100 _aCoughlin, Robert, F Driscoll, Fedrick
245 0 _aOperational amplifiers and linear integrated circuits
250 _a6th
260 _aPearson education asia
_bDelhi
_c2002
300 _b325
650 _aCIRCUITRY
999 _c171440
_d171440